000 00225as aa2200097a 44500
090 _aSERIADAS
_b00865
245 1 0 _aImmunology Today
260 _bElsevier Trends Journals
_aEstados Unidos
041 0 _aInglés
942 _cREVISTA
999 _c16943
_d16943